Geografía general agraria e industrial /
Guardado en:
| Autor Principal: | |
|---|---|
| Formato: | Libro |
| Publicado: |
España :
Omega,
1955
|
| Materias: | |
| Etiquetas: |
Agregar Etiqueta
Sin Etiquetas, Sea el primero en etiquetar este registro!
|
| LEADER | 00623nam a22002175a 4500 | ||
|---|---|---|---|
| 001 | CEM.cems003978 | ||
| 005 | 19000101000000.0 | ||
| 008 | 130507s1955##################000#0#####d | ||
| 003 | CEMS | ||
| 082 | 0 | 4 | |a 330.9 |
| 100 | 1 | |a Lutgens, Rudolf | |
| 245 | 1 | 0 | |a Geografía general agraria e industrial / |
| 260 | |a España : |b Omega, |c 1955 | ||
| 300 | |a 420 p. | ||
| 505 | 0 | |a principales formaciones economicas | |
| 653 | |a Economia agraria | ||
| 653 | |a Economia industrial | ||
| 653 | |a Economia mundial | ||
| 653 | |a Geografia economica | ||
| 653 | |a Paisaje agrario | ||
| 859 | |a CEMS |b BIB. CEMS - 11 de abril |h 330.9 |i L977/3 |p 721.73 |t Ej.1 | ||
